01591nam a2200325 i 4500003000900000005001700009008004100026040004600067041000800113082002600121092000700147099003600154100005600190245008000246264008200326300003000408336002200438337002400460338003300484504006000517546004100577650002800618856005700646905000700703942001900710999001700729952017300746952017300919952017301092EG-GICUC20260121101544.0251228s2002 ua ||||fr|||| 00| 0 ara d a EG-GICUCbarac EG-GICUCd EG-GICUCerda aara04221a343.6bف ت . ع04221 aLaw1 10 343.6 ف ت . ع 2002 0 aفتوح عبدالله الشاذلىeمؤلف.10aعلم الاجرام العام /cفتوح عبدالله الشاذلى. 1aالاسكندرية :bدار المطبوعات االجامعية،c2002. a231 صفحة ؛c24 سم. 2rda contentatext 2rda mediaaComputer 2rda carrieraOnline Resource aيحتوي على ارجاعات ببليوجرافية aالنص باللغة العربية14aعلم الإجرام40uhttps://fll.law.cu.edu.eg/fulltext/bks/B10-07335.pdf a75 2ddccBKe21n0 c52889d52889 00102ddc40718القانون الجنائيaCUbLAW1d2025-12-28l0oLaw1 10 343.6 ف ت . ع 2002 1007335 C1pB10-07335r2025-12-28 15:49:52t1w2025-12-28yBK 00102ddc40708القانون الجنائيaCUbLAW1d2025-12-28l0oLaw1 10 343.6 ف ت . ع 2002 1007336 C2pB10-07336r2025-12-28 15:50:11t2w2025-12-28yBK 00102ddc40708القانون الجنائيaCUbLAW2d2025-12-28l0oLaw2 10 343.6 ف ت . ع 2002 1007337 C3pB10-07337r2025-12-28 16:02:27t3w2025-12-28yBK